President Producing Cities - Statistics

General Stats
  • This quiz has been taken 20 times
  • The average score is 11 of 42
Answers on the Map
Answers color-coded by a green-red scale on the quiz's map according to % correct below.
 
Answer Stats
President(s) Answer % Correct
Theodore Roosevelt, Donald Trump New York City
94%
Barack Obama Honolulu
83%
Andrew Johnson Raleigh
56%
Gerald Ford Omaha
44%
Joe Biden Scranton
44%
Bill Clinton Hope
39%
John Adams, John Quincy Adams Braintree
28%
William Howard Taft Cincinnati
28%
Franklin D. Roosevelt Hyde Park
28%
George W. Bush New Haven
28%
Jimmy Carter Plains
28%
John F. Kennedy Brookline
22%
Grover Cleveland Caldwell
22%
William Henry Harrison, John Tyler Charles City
22%
Dwight D. Eisenhower Denison
22%
Franklin Pierce Hillsborough
22%
Abraham Lincoln Hodgenville
22%
Martin Van Buren Kinderhook
22%
Harry S. Truman Lamar
22%
Andrew Jackson Lancaster
22%
George H.W. Bush Milton
22%
James Monroe Monroe Hall
22%
William McKinley Niles
22%
Benjamin Harrison North Bend
22%
Ulysses S. Grant Point Pleasant
22%
George Washington Popes Creek
22%
Woodrow Wilson Staunton
22%
Ronald Reagan Tampico
22%
Herbert Hoover West Branch
22%
Richard Nixon Yorba Linda
22%
James K. Polk Pineville
17%
James Madison Port Conway
17%
Thomas Jefferson Shadwell
17%
Lyndon B. Johnson Stonewall
17%
Zachary Taylor Barboursville
11%
Warren G. Harding Blooming Grove
11%
James Buchanan Cove Gap
11%
Rutherford B. Hayes Delaware
11%
Chester A. Arthur Fairfield
11%
Millard Fillmore Monravia
11%
James A. Garfield Moreland Hills
11%
Calvin Coolidge Plymouth Notch
11%
No matching quizzes found
Score Distribution
Percent of People with Each Score
Percentile by Number Answered
Your Score History
You have not taken this quiz